000
00308nam a2200133Ia 4500
008
190216s9999||||xx |||||||||||||| ||und||
100
_a
Herstein I N
245
0
_a
Topics In Algebra
250
_a
2nd Ed.
260
_b
Vani Educational Books
_c
1985
300
_a
388p
650
_a
Mathematics
942
_c
BK
999
_c
30868
_d
30868